Four great tragedies

Uloženo v:
Podrobná bibliografie
Hlavní autor: Shakespeare, William (Autor)
Médium: Kniha
Jazyk:angličtina
Vydáno: Nueva York Washington Square Press 1948
Témata:
Tagy: Přidat tag
Žádné tagy, Buďte první, kdo vytvoří štítek k tomuto záznamu!

MARC

LEADER 00000nam a2200000 a 4500
001 UCT5789
003 CL-VaPUC
008 961223e19480000US |||||||||||||||||eng|d
082 0 4 |a 822  |b SHA  |2 21 
100 |a Shakespeare, William  |e author  |9 265757 
245 1 0 |a Four great tragedies 
246 1 0 |a Romeo and Juliet 
246 1 0 |a Julius Caesar 
246 1 0 |a Hamlet 
246 1 0 |a Macbeth 
300 |a 471 p 
942 |c BK 
945 |d 19961223 00:00:00  |a nastorga 
260 |a Nueva York  |b Washington Square Press  |c 1948 
650 0 |a Dramas ingleses  |9 269396 
583 |a last modification  |c 19961223 00:00:00  |k Rodrigo Vera 
999 |c 254603  |d 254601 
952 |0 0  |1 0  |4 0  |6 822_000000000000000_SHA_1948  |7 0  |8 R  |9 276400  |a BIBEDU  |b BIBEDU  |d 2019-11-19  |i 326162K  |o 822 SHA 1948  |p 326162K  |r 2023-01-13  |w 2019-11-19  |y BK_R  |k LIT